000 00598cam a22002411 4500
001 sa 64007812
003 DLC
005 20260227112050.0
008 940926s1962 ii 000 0 orio
010 _asa 64007812
025 _aPL480:I-O-312
035 _a(OCoLC)31181284
040 _aDLC
_cCU
_dCU
_dDLC
042 _apremarc
050 0 0 _aPN49
_b.P33
100 1 _aPatnaik, Pathani,
_d1928-
245 1 0 _aSāhityare rahasyabāda.
260 _c[1962]
300 _a7, 120 p.
_c18 cm
500 _aIn Oriya.
650 0 _aMysticism in literature.
700 1 _aRāuta, Bhoḷānātha.
999 _c60510
_d60510